00427nam a2200133Ia 4500008004100000020001500041100002600056245005900082250000700141260002900148300001000177952009100187999001500278211105s9999 xx 000 0 und d aVYASA09569 aBanerjea Akshayakumar 0aPhilosophy Of Gorakhnath With Goraksha Vacana Sangraha a\N bMotilal banarsidass c\N a346p. 00104070aSVYASAbSVYASAd2002-07-17l0p01373r2021-11-09 00:00:00w2021-11-09yBKS c1084d1084